000 02700nam a22001577a 4500
041 _aukr
080 _a09
090 _bМАК
100 _aМаковецька Ю. В.
245 _aСловотворчий потенціал лексики у текстах пісень груп "Evanescense" та "Nightwish"
260 _aОстрог
_bКАФ
_c2008
300 _a70
520 _aВступ Розділ 1 Загальні особливості словотвору англійської мови 1.1 Морфологічна структура слова 1.1.1 Слово- основна одиниця лексикологічного дослідження 1.1.2 Кореневі та афіксальні морфеми 1.1.3 Вільні, зв"язні, відносно вільні та відносто зв"язні морфеми 1.1.4 Напівафікси 1.2 Продуктивні способи словотворення англійської мови 1.2.1 Афіксація (суфіксація та префіксація) 1.2.2 Конверсія 1.2.3 Словоскладання 1.2.4 Телескопія Розділ 2 Особливості словотвору пісень групи "Evanescense" 2.1 Словотвір у поезії 2.2 Суфіксальний спосіб словотвору в текстах пісень групи "Evanescense" 2.3 Префіксальний спосіб словотвору в те5стах пісень групи "Evanescense" 2.4 Конверсія як словотоврча модель в текстах пісень групи 2.5 Скорочення як словотворча модель а текстах пісень групи "Evanescense" 2.6 Словоскладання як словотворча модель в текстах пісен групи "Evanescense" Розділ 3 Особливості словотвору текстів пісень групи "Nightwish" 3.1 Суфіксальний спосіб словотвору в текстах пісень групи "Nightwish" 3.2 Префіксальний спосіб словотвору текстів пісень групи "Nightwish" 3.3 Конверсійний спосіб словотвору текстів пісень групи "Nightwish" 3.4 Скорочення як словотворча модель текстів пісень групи "Nightwish" 3.5 Словоскладання як словотворча модель текстів пісень групи "Nightwish" Висновки
_0словотвор, тексти пісень,
650 _aResearch Papers
999 _c284073
_d284073
942 _cBK